| 000 | 00866cam a22002655a 4500 | ||
|---|---|---|---|
| 001 | 016964728 | ||
| 003 | OSt | ||
| 005 | 20150526150652.0 | ||
| 008 | 141125t2015 flua frb 001 0 eng d | ||
| 020 | _a9781482217032 (hbk.) | ||
| 040 |
_aStDuBDS _beng _cStDuBDS _dEG-ScBUE |
||
| 082 | 0 | 4 |
_a621.0420113 _222 _bBUX |
| 100 | 1 |
_aBuxton, Gavin _938090 |
|
| 245 | 1 | 0 |
_aAlternative energy technologies : _ban introduction with computer simulations / _cGavin Buxton. |
| 260 |
_aBoca Raton : _bCRC Press / Taylor & Francis Group, _cc.2015. |
||
| 300 |
_axvi, 286 p. : _bill. ; _c25 cm. |
||
| 490 | 0 | _aNano and energy | |
| 500 | _aIndex : p. 285-286. | ||
| 504 | _aIncludes bibliographical references. | ||
| 650 | 0 |
_aRenewable energy sources _xComputer simulation. _2BUEsh |
|
| 651 | _2BUEsh | ||
| 653 |
_bENGGEN _cMay2015 |
||
| 655 |
_vreading book _934232 |
||
| 942 | _2ddc | ||
| 999 |
_c19450 _d19422 |
||